[Event "4NCL/Div1/BAR1 vs. AD1"]
[Site "Telford ENG"]
[Date "2004.01.17"]
[Round "3.3"]
[White "Collins, Sam"]
[Black "Richardson, John R"]
[Result "0-1"]
[WhiteElo "2392"]
[BlackElo "2293"]
[PlyCount "58"]
[EventDate "2004.01.17"]

1. e4 c6 2. d4 d5 3. exd5 cxd5 4. c4 Nf6 5. Nc3 e6 6. Nf3 Be7 7. cxd5 exd5 8.
Bb5+ Bd7 9. Bd3 Nc6 10. h3 Qb6 11. O-O O-O 12. a3 Rfe8 13. Bg5 Be6 14. Na4 Qc7
15. Re1 Ne4 16. Bxe7 Rxe7 17. Bxe4 dxe4 18. Rxe4 Bd5 19. Rh4 Rae8 20. Qd3 Be4
21. Qc3 Bxf3 22. gxf3 Qd6 23. Nc5 f5 24. Kh1 Qf6 25. Rf4 Qh6 26. Qc4+ Kh8 27.
Nd3 Qxh3+ 28. Kg1 Re6 29. Ne5 Nxe5 0-1

[Event "4NCL/Div1/BAR1 vs. AD1"]
[Site "Telford ENG"]
[Date "2004.01.17"]
[Round "3.4"]
[White "Lyell, Mark"]
[Black "Palliser, Richard"]
[Result "0-1"]
[WhiteElo "2272"]
[BlackElo "2399"]
[PlyCount "100"]
[EventDate "2004.01.17"]

1. e4 c5 2. b3 Nc6 3. Bb2 e5 4. f4 exf4 5. Nf3 Nf6 6. e5 Nh5 7. Bb5 d5 8. exd6
Bxd6 9. O-O O-O 10. Na3 Bg4 11. Bxc6 bxc6 12. Nc4 Bc7 13. h3 Bxf3 14. Qxf3 Qd5
15. Qg4 Rae8 16. Rf3 Re2 17. Rd3 Qe4 18. Ne3 Rxd2 19. Rxd2 Qxe3+ 20. Rf2 g6 21.
Rd1 Ng3 22. Bc1 Qe4 23. Qf3 Re8 24. Qxe4 Nxe4 25. Re2 Re7 26. c4 f5 27. Ba3 Kf7
28. Rd3 g5 29. Bb2 Ba5 30. h4 g4 31. Bc1 Bc7 32. Re1 Be5 33. Red1 Bd4+ 34. Rxd4
cxd4 35. Rxd4 Ng3 36. Rd1 Re4 37. Ba3 Ne2+ 38. Kf2 Nd4 39. Rd2 g3+ 40. Kf1 f3
41. gxf3 Nxf3 42. Rd7+ Ke8 43. Rg7 f4 44. Rxh7 Re1+ 45. Kg2 Ne5 46. Bc5 Re2+
47. Kf1 f3 48. Rg7 g2+ 49. Kg1 Re1+ 50. Kf2 Rf1+ 0-1

[Event "4NCL/Div1/BAR1 vs. AD1"]
[Site "Telford ENG"]
[Date "2004.01.17"]
[Round "3.5"]
[White "Knott, Simon"]
[Black "Snape, Ian"]
[Result "1/2-1/2"]
[WhiteElo "2370"]
[BlackElo "2251"]
[PlyCount "199"]
[EventDate "2004.01.17"]

1. Nf3 Nf6 2. c4 g6 3. Nc3 Bg7 4. e4 d6 5. d4 O-O 6. Be2 e5 7. O-O Nc6 8. d5
Ne7 9. Ne1 Nd7 10. Nd3 f5 11. Bd2 Nf6 12. f3 f4 13. g4 g5 14. Be1 h5 15. h3 Kf7
16. Kg2 Rh8 17. Bf2 Ng6 18. Rh1 hxg4 19. hxg4 Rxh1 20. Qxh1 Bd7 21. Qh2 c6 22.
Rh1 cxd5 23. cxd5 Qa5 24. Qg1 Bf8 25. Qd1 Be7 26. Qb3 Rb8 27. Nb4 Rc8 28. Nc2
Rb8 29. a4 Kg7 30. Na3 Nh4+ 31. Kg1 a6 32. Nc4 Qc7 33. Qb6 Qd8 34. Qxd8 Rxd8
35. Nb6 Be8 36. a5 Bg6 37. Kf1 Rh8 38. Rg1 Bf7 39. Ke1 Ng6 40. Rf1 Rh3 41. Bg1
Nh4 42. Kd2 Be8 43. b4 Kf7 44. Nc4 Bd7 45. Bb6 Ne8 46. Rf2 Bf6 47. Kc2 Be7 48.
Nd2 Bf6 49. Kb2 Be7 50. Nf1 Bf6 51. Rh2 Rxh2 52. Nxh2 Ng6 53. Nf1 Ne7 54. Nd2
Nc8 55. Bf2 Nc7 56. Ndb1 Bd8 57. Na3 Ke7 58. Bd1 Be8 59. Ba4 Bxa4 60. Nxa4 Na8
61. Nc4 Kd7 62. Kb3 Bc7 63. Nab6+ Naxb6 64. axb6 Bd8 65. Ka4 Ne7 66. b5 axb5+
67. Kxb5 Ng6 68. Nd2 Ke8 69. Kc4 Kd7 70. Kd3 Kc8 71. Nc4 Kd7 72. Be1 Be7 73.
Bb4 Nh4 74. Ke2 Ng6 75. Na3 Nh8 76. Kd3 Bd8 77. Nc4 Be7 78. Na5 Kc8 79. Be1 Bd8
80. Bf2 Be7 81. Nc4 Kd7 82. Be1 Ng6 83. Bb4 Nh4 84. Ke2 Ng6 85. Na3 Nh8 86. Nb5
Nf7 87. Kd3 Bd8 88. Ba5 Nh6 89. Kc4 Ng8 90. Bb4 Be7 91. Nc7 Nh6 92. Ne6 Nf7 93.
Ng7 Bd8 94. Kb5 Bf6 95. Nf5 Bd8 96. Ba5 Bf6 97. Be1 Kd8 98. Bf2 Kd7 99. Kc4 Kd8
100. Kd3 1/2-1/2

[Event "4NCL/Div1/BAR1 vs. AD1"]
[Site "Telford ENG"]
[Date "2004.01.17"]
[Round "3.6"]
[White "Anderton, David W"]
[Black "D'Costa, Lorin A R"]
[Result "1-0"]
[WhiteElo "2256"]
[BlackElo "2351"]
[PlyCount "80"]
[EventDate "2004.01.17"]

1. d4 d5 2. c4 e6 3. Nf3 c6 4. e3 Nf6 5. Nbd2 Nbd7 6. b3 Bd6 7. Bb2 O-O 8. Bd3
Re8 9. Ne5 dxc4 10. Ndxc4 Bb4+ 11. Kf1 Qc7 12. a3 Bf8 13. Qf3 b5 14. Nd2 Bb7
15. Qh3 g6 16. Ndf3 h6 17. Ke2 Qd6 18. Rhd1 Bg7 19. Kf1 {(=)} 19... a6 20. Rac1
Rac8 21. Bb1 Rc7 22. Kg1 Qe7 23. b4 a5 24. Nd3 axb4 25. axb4 Nd5 26. Nc5 Nxb4
27. Nxb7 Rxb7 28. Ba3 Ra7 29. Bxb4 Qxb4 30. Rxc6 Ra1 31. Rcc1 Qa3 32. g3 b4 33.
Qf1 Rb8 34. Rc7 Rd8 35. Bc2 Ra2 36. Qb5 Nf6 37. Qb7 Qa8 38. Bxg6 Qxb7 39. Bxf7+
Kf8 40. Rxb7 Rd6 1-0

[Event "4NCL/Div1/BAR1 vs. AD1"]
[Site "Telford ENG"]
[Date "2004.01.17"]
[Round "3.7"]
[White "Ferguson, Mark"]
[Black "Wheeler, Darren P"]
[Result "1-0"]
[WhiteElo "2381"]
[BlackElo "2243"]
[PlyCount "107"]
[EventDate "2004.01.17"]

1. e4 e6 2. d4 d5 3. Nd2 Nf6 4. e5 Nfd7 5. c3 c5 6. Bd3 Nc6 7. Ne2 cxd4 8. cxd4
f6 9. Nf4 Nxd4 10. Qh5+ Ke7 11. exf6+ Nxf6 12. Ng6+ hxg6 13. Qxh8 Kf7 14. Qh4
e5 15. Nf3 Nxf3+ 16. gxf3 Bf5 17. Bxf5 gxf5 18. Bg5 Rc8 19. O-O Rc6 20. Rad1 d4
21. Rd3 Qd5 22. Rfd1 Nd7 23. Qh5+ Kg8 24. Qe8 Re6 25. Qd8 Nb6 26. f4 Qxd8 27.
Bxd8 Bc5 28. fxe5 Rxe5 29. b4 Bxb4 30. Bxb6 axb6 31. Rxd4 Bc5 32. Rd8+ Kf7 33.
Kf1 Re7 34. R1d7 g5 35. h3 Ke6 36. Rxe7+ Kxe7 37. Rb8 Ke6 38. Rxb7 Ke5 39. Ke2
Kf4 40. Ra7 Ke4 41. Ra4+ Bd4 42. f3+ Kd5 43. Kd3 Bc5 44. Rc4 Bf2 45. Rc2 Bc5
46. Re2 Bb4 47. a4 Bd6 48. Rb2 Bc7 49. Rb5+ Ke6 50. Kd4 Bd8 51. Re5+ Kf6 52.
Kd5 Bc7 53. Re6+ Kf7 54. Rc6 1-0

[Event "4NCL/Div1/BAR1 vs. AD1"]
[Site "Telford ENG"]
[Date "2004.01.17"]
[Round "3.8"]
[White "Bellin, Jana"]
[Black "Lauterbach, Ingrid"]
[Result "1/2-1/2"]
[WhiteElo "2209"]
[BlackElo "2171"]
[PlyCount "120"]
[EventDate "2004.01.17"]

1. d4 d6 2. Nf3 g6 3. c4 c5 4. d5 Bg7 5. Nc3 Nf6 6. e4 O-O 7. Be2 e5 8. O-O Nh5
9. Ne1 Nf4 10. Nd3 Nxe2+ 11. Qxe2 Nd7 12. a3 f5 13. f3 Nf6 14. b4 b6 15. Bd2 f4
16. bxc5 bxc5 17. Rab1 g5 18. Nf2 h5 19. h3 Rf7 20. Rb3 Bf8 21. Rfb1 Rg7 22.
Rb8 Rxb8 23. Rxb8 Qc7 24. Rb3 g4 25. hxg4 hxg4 26. fxg4 Nxg4 27. Ncd1 Nf6 28.
Qd3 Qf7 29. Kf1 Qg6 30. Qf3 Qh6 31. Rb8 Ba6 32. Nb2 Qh2 33. Qh3 Qxh3 34. gxh3
Nd7 35. Rd8 Nb6 36. Ng4 Rg6 37. Kf2 Nxc4 38. Nxc4 Bxc4 39. Ra8 a6 40. Kf3 Bb5
41. Be1 Kf7 42. Ra7+ Ke8 43. Ra8+ Kf7 44. Ra7+ Kg8 45. Ra8 Bf1 46. Bh4 Bxh3 47.
Nf6+ Kg7 48. Nh5+ Kf7 49. Ra7+ Kg8 50. Nf6+ Rxf6 51. Bxf6 Bf1 52. Bd8 Bb5 53.
Bc7 Bc4 54. Ra8 Kf7 55. Ra7 Ke8 56. Ba5 Be7 57. Ra8+ Kd7 58. Ra7+ Ke8 59. Ra8+
Kd7 60. Ra7+ Ke8 1/2-1/2

[Event "4NCL/Div1/SLO1 vs. MMNWE1"]
[Site "Telford ENG"]
[Date "2004.01.17"]
[Round "3.1"]
[White "Wells, Peter K"]
[Black "Sebag, Marie"]
[Result "1-0"]
[WhiteElo "2493"]
[BlackElo "2404"]
[PlyCount "125"]
[EventDate "2004.01.17"]

1. d4 d5 2. c4 c6 3. Nc3 Nf6 4. e3 a6 5. Qc2 b5 6. b3 Bg4 7. Nge2 Nbd7 8. Ng3
dxc4 9. bxc4 e5 10. Bd3 Be7 11. O-O O-O 12. h3 Be6 13. d5 cxd5 14. cxd5 Nc5 15.
Bxh7+ Nxh7 16. dxe6 Nxe6 17. Bb2 Qc7 18. Rac1 Nf6 19. Qb1 Qb8 20. Nce4 Nd5 21.
Nf5 Rd8 22. Rfd1 Bf8 23. Rxd5 Rxd5 24. Nh6+ gxh6 25. Nf6+ Kg7 26. Nxd5 Bd6 27.
Qf5 Ra7 28. Rc6 Kg8 29. Nf6+ Kf8 30. Ne4 Rd7 31. g3 Ke8 32. Nf6+ Ke7 33. Nxd7
Kxd7 34. Rc2 Ke7 35. h4 b4 36. Rc6 Qb5 37. Qc2 a5 38. Rc8 a4 39. Ra8 Nc5 40.
Qf5 Qd7 41. Qc2 Qb7 42. Ra5 Qb6 43. Rxa4 Nxa4 44. Qxa4 Qb7 45. Qc2 Qd5 46. Bc1
e4 47. Bb2 h5 48. Bd4 f5 49. Qe2 Qf7 50. Qa6 Qe6 51. Qa7+ Qd7 52. Qa8 Ke6 53.
Kg2 Qc7 54. Qe8+ Kd5 55. Qxh5 Kc4 56. Qd1 Kb5 57. Qb3 Qc6 58. Qe6 f4 59. gxf4
Qc7 60. Be5 Qc2 61. Bxd6 Qe2 62. f5 Qf3+ 63. Kg1 1-0

[Event "4NCL/Div1/SLO1 vs. MMNWE1"]
[Site "Telford ENG"]
[Date "2004.01.17"]
[Round "3.2"]
[White "Ghasi, Ameet K"]
[Black "Shaw, John"]
[Result "1/2-1/2"]
[WhiteElo "2344"]
[BlackElo "2465"]
[PlyCount "39"]
[EventDate "2004.01.17"]

1. Nf3 Nf6 2. g3 d5 3. Bg2 c6 4. O-O Bg4 5. b3 Nbd7 6. Bb2 e6 7. d3 Be7 8. Nbd2
O-O 9. c4 a5 10. a3 b5 11. Qc2 Qb6 12. h3 Bh5 13. g4 Bg6 14. Nh4 Rab8 15. Rab1
Bd6 16. e3 Qd8 17. Nxg6 hxg6 18. d4 e5 19. dxe5 Nxe5 20. f4 1/2-1/2

[Event "4NCL/Div1/SLO1 vs. MMNWE1"]
[Site "Telford ENG"]
[Date "2004.01.17"]
[Round "3.3"]
[White "Howell, David W L"]
[Black "Hanley, Craig A"]
[Result "1-0"]
[WhiteElo "2304"]
[BlackElo "2322"]
[PlyCount "75"]
[EventDate "2004.01.17"]

1. e4 d5 2. exd5 Qxd5 3. Nc3 Qa5 4. d4 c6 5. Nf3 Nf6 6. Bc4 Bf5 7. O-O e6 8.
Ne5 Nbd7 9. f4 Nxe5 10. fxe5 Qb4 11. Bb3 Nd7 12. Ne2 O-O-O 13. Ng3 Bg6 14. c3
Qb6 15. Bg5 f6 16. exf6 gxf6 17. Rxf6 Nxf6 18. Bxf6 Bd6 19. Bxe6+ Kb8 20. Bxh8
Rxh8 21. b4 Bxg3 22. hxg3 c5 23. Qg4 cxb4 24. cxb4 Re8 25. Qf4+ Ka8 26. Bd7 Rd8
27. Rc1 Qxb4 28. d5 Qb6+ 29. Kh2 a6 30. Rc8+ Rxc8 31. Bxc8 Qc5 32. Be6 Be8 33.
d6 Qh5+ 34. Qh4 Qb5 35. d7 Bxd7 36. Qd8+ Ka7 37. Qxd7 Qe5 38. Bg4 1-0

[Event "4NCL/Div1/SLO1 vs. MMNWE1"]
[Site "Telford ENG"]
[Date "2004.01.17"]
[Round "3.4"]
[White "Crouch, Colin S"]
[Black "Houska, Jovanka"]
[Result "1-0"]
[WhiteElo "2365"]
[BlackElo "2370"]
[PlyCount "105"]
[EventDate "2004.01.17"]

1. d4 d5 2. Nf3 c6 3. c4 Nf6 4. Nc3 a6 5. a4 e6 6. e3 Nbd7 7. Bd3 Bb4 8. O-O
O-O 9. Qe2 Qe7 10. e4 dxc4 11. Bxc4 e5 12. dxe5 Nxe5 13. Nxe5 Qxe5 14. f4 Qe7
15. e5 Ng4 16. h3 Bc5+ 17. Kh1 Nh6 18. g4 b5 19. axb5 cxb5 20. Bd5 Ra7 21. f5
Rd8 22. f6 Qf8 23. Bg2 g6 24. Ne4 Bd4 25. Qd2 Nxg4 26. hxg4 Bxg4 27. Qf4 h5 28.
Be3 Rad7 29. Rxa6 Bxe3 30. Qxe3 Rd3 31. Qg5 Bh3 32. Rd6 Bxg2+ 33. Qxg2 Qe8 34.
Rxd3 Rxd3 35. Nc5 Rd4 36. e6 Rh4+ 37. Kg1 Rg4 38. Qxg4 hxg4 39. e7 Qb8 40. Ne4
Qe5 41. Rf4 g3 42. Nxg3 g5 43. Rf3 Kh7 44. Kg2 Kg6 45. Rf2 Qd5+ 46. Kh2 Qa8 47.
Re2 Qe8 48. Ne4 Qb8+ 49. Kg2 g4 50. Nd6 Qa8+ 51. Re4 Qh8 52. Rxg4+ Kh5 53. Rg3
1-0

[Event "4NCL/Div1/SLO1 vs. MMNWE1"]
[Site "Telford ENG"]
[Date "2004.01.17"]
[Round "3.5"]
[White "McNab, Colin A"]
[Black "Kennaugh, Charles W"]
[Result "1/2-1/2"]
[WhiteElo "2388"]
[BlackElo "2290"]
[PlyCount "46"]
[EventDate "2004.01.17"]

1. c4 e5 2. g3 d5 3. cxd5 Qxd5 4. Nf3 Nc6 5. Nc3 Qd8 6. Bg2 Nf6 7. O-O Bc5 8.
b4 Nxb4 9. Nxe5 O-O 10. a3 Nbd5 11. Nxd5 Nxd5 12. Bb2 Nb6 13. Qc2 Qe7 14. a4 a5
15. Nd3 Bd6 16. e4 Rd8 17. f4 Be6 18. e5 Bb4 19. Nxb4 Qxb4 20. Rf2 Bb3 21. Qxc7
Nd5 22. Bxd5 Bxd5 23. Qc2 Rac8 1/2-1/2

[Event "4NCL/Div1/SLO1 vs. MMNWE1"]
[Site "Telford ENG"]
[Date "2004.01.17"]
[Round "3.6"]
[White "van der Linden, Lukas"]
[Black "Dearing, Eddie"]
[Result "0-1"]
[WhiteElo "2275"]
[BlackElo "2376"]
[PlyCount "60"]
[EventDate "2004.01.17"]

1. d4 d5 2. c4 c6 3. Nf3 Nf6 4. Nc3 e6 5. e3 Nbd7 6. Bd3 dxc4 7. Bxc4 b5 8. Bd3
a6 9. e4 c5 10. d5 Bb7 11. dxe6 fxe6 12. O-O Qc7 13. Re1 c4 14. Bc2 Bd6 15. e5
Nxe5 16. Nxe5 Bxe5 17. f4 Rd8 18. Qe2 Bd4+ 19. Kh1 O-O 20. Qxe6+ Kh8 21. Qh3
Rfe8 22. Be3 Bxe3 23. Rxe3 Qxf4 24. Rxe8+ Rxe8 25. Rg1 Re3 26. Qf5 Qxf5 27.
Bxf5 g6 28. Nd1 Re2 29. Bh3 Ne4 30. Bg4 Rxb2 0-1

[Event "4NCL/Div1/SLO1 vs. MMNWE1"]
[Site "Telford ENG"]
[Date "2004.01.17"]
[Round "3.7"]
[White "Lappage, Jonathan"]
[Black "Carleton, John J"]
[Result "0-1"]
[WhiteElo "2181"]
[BlackElo "2286"]
[PlyCount "106"]
[EventDate "2004.01.17"]

1. e4 Nf6 2. Nc3 d5 3. e5 Nfd7 4. d4 e6 5. f4 c5 6. Nf3 Nc6 7. Be3 a6 8. Qd2 b5
9. dxc5 Bxc5 10. Bxc5 Nxc5 11. Qf2 Qb6 12. Bd3 b4 13. Ne2 a5 14. O-O Ba6 15.
Rad1 Na4 16. Qxb6 Nxb6 17. b3 O-O 18. Ned4 Nxd4 19. Nxd4 Nd7 20. a3 Bxd3 21.
Rxd3 Nc5 22. Rdd1 bxa3 23. Ra1 a4 24. Rxa3 axb3 25. Rxa8 Rxa8 26. cxb3 Rb8 27.
Rc1 Nd3 28. Rc7 h6 29. g3 Rb4 30. Nc6 Rxb3 31. Nd8 Rb1+ 32. Kg2 Rb2+ 33. Kf3
Ne1+ 34. Ke3 d4+ 35. Ke4 Re2+ 36. Kxd4 Rd2+ 37. Ke3 Rxd8 38. Rc1 Ng2+ 39. Kf3
Rd2 40. h3 Kh7 41. Rg1 Nxf4 42. gxf4 Rd3+ 43. Kg4 Re3 44. h4 Rd3 45. h5 Rd2 46.
Rc1 g6 47. Rc7 gxh5+ 48. Kxh5 Rh2+ 49. Kg4 Kg6 50. Rc6 h5+ 51. Kg3 Ra2 52. Rc3
Ra4 53. Rf3 Kf5 0-1

[Event "4NCL/Div1/SLO1 vs. MMNWE1"]
[Site "Telford ENG"]
[Date "2004.01.17"]
[Round "3.8"]
[White "Charleshouse, Glenn L"]
[Black "Smith, Andrew P"]
[Result "1-0"]
[WhiteElo "2238"]
[BlackElo "2198"]
[PlyCount "77"]
[EventDate "2004.01.17"]

1. e4 d6 2. Nf3 Nf6 3. Nc3 g6 4. d4 Bg7 5. Be2 O-O 6. O-O Bg4 7. Be3 Nc6 8. Qd2
e5 {(=)} 9. d5 Ne7 10. Rad1 Bd7 11. h3 Ne8 12. Nh2 f5 13. f4 fxe4 14. fxe5
Rxf1+ 15. Rxf1 Bxe5 16. Bg5 h6 17. Bxh6 Nf5 18. Ng4 Bd4+ 19. Kh2 e3 20. Bxe3
Nxe3 21. Nxe3 Be5+ 22. Kh1 Qh4 23. Nc4 Bg3 24. Bd3 b5 25. Ne3 b4 26. Ne4 Bf4
27. Qe1 Qh6 28. Rf3 g5 29. Nf2 Nf6 30. Bf5 Re8 31. Bxd7 Nxd7 32. Nfg4 Qg7 33.
Qxb4 Ne5 34. Rf1 Nxg4 35. Nxg4 Re2 36. Qb5 Qe7 37. Qd3 Qe4 38. Nf6+ Kf7 39.
Nxe4 1-0

[Event "4NCL/Div1/GUI1 vs. BAR2"]
[Site "Telford ENG"]
[Date "2004.01.17"]
[Round "3.1"]
[White "Rowson, Jonathan"]
[Black "Collinson, Adam"]
[Result "1/2-1/2"]
[WhiteElo "2547"]
[BlackElo "2391"]
[PlyCount "53"]
[EventDate "2004.01.17"]

1. e4 c5 2. Nf3 d6 3. Nc3 e5 4. a3 Be7 5. b4 cxb4 6. axb4 Nf6 7. Bc4 O-O 8. d3
Nbd7 9. Be3 Nb6 10. Bxb6 Qxb6 11. Qb1 Bg4 12. Na4 Qd8 13. Nd2 d5 14. Bxd5 Nxd5
15. exd5 Qxd5 16. O-O b5 17. Nc3 Qd4 18. Nxb5 Qxb4 19. Qxb4 Bxb4 20. Nc4 e4 21.
Rfb1 Bc5 22. dxe4 Rfc8 23. Ne5 Be6 24. Nf3 a5 25. Nbd4 Bd7 26. Rb7 Be8 27. Kf1
1/2-1/2

[Event "4NCL/Div1/GUI1 vs. BAR2"]
[Site "Telford ENG"]
[Date "2004.01.17"]
[Round "3.2"]
[White "Woodward, Timothy D M"]
[Black "Flear, Glenn C"]
[Result "1/2-1/2"]
[WhiteElo "2344"]
[BlackElo "2489"]
[PlyCount "137"]
[EventDate "2004.01.17"]

1. d4 d5 2. c4 dxc4 3. Nf3 Nf6 4. Nc3 a6 5. e4 b5 6. e5 Nd5 7. a4 Nxc3 8. bxc3
Qd5 9. Be2 Bb7 10. O-O e6 11. Be3 Be7 12. axb5 axb5 13. Rxa8 Bxa8 14. Qa1 O-O
15. Rb1 Nc6 16. Qa6 Rb8 17. Ne1 b4 18. Bxc4 Qd8 19. cxb4 Nxd4 20. Qa4 Be4 21.
Rd1 Rxb4 22. Qxb4 Bxb4 23. Rxd4 Qxd4 24. Bxd4 Bxe1 25. Bc5 Bc3 26. f4 Bd2 27.
g3 g5 28. fxg5 Bxg5 29. Kf2 Bd2 30. Bd4 Kg7 31. Ke2 Bc1 32. Bb5 Ba3 33. Ke3 Bb1
34. Bc6 Bb4 35. Bb2 Bc5+ 36. Kf3 Bd3 37. Bc3 Bc4 38. Ke4 Kg6 39. h4 Kh5 40. Kf4
Bd5 41. Bb5 Kg6 42. Bd3+ Kg7 43. Bc2 Bf2 44. Bd3 c5 45. Bb5 c4 46. Ba4 h6 47.
Bb5 Bb6 48. Ba4 Bc5 49. Bc2 Bg2 50. Ba4 Bf1 51. Bd7 Bd3 52. Bc8 Kg6 53. Bd7 Ba3
54. Be8 Bc2 55. Bb5 Bd3 56. Be8 Kg7 57. Bb5 Kf8 58. Ke3 Bc5+ 59. Kf3 Bb6 60.
Ba6 Bd8 61. Bc8 Bc7 62. Bd7 Ke7 63. Bb5 Kf8 64. Bd7 Kg7 65. Be8 Bb8 66. Bb5 Kg6
67. Be8 Bc7 68. Kf4 Kg7 69. Kf3 1/2-1/2

[Event "4NCL/Div1/GUI1 vs. BAR2"]
[Site "Telford ENG"]
[Date "2004.01.17"]
[Round "3.4"]
[White "Trent, Lawrence"]
[Black "Cherniaev, Alexander"]
[Result "1/2-1/2"]
[WhiteElo "2377"]
[BlackElo "2496"]
[PlyCount "31"]
[EventDate "2004.01.17"]

1. e4 c5 2. Nf3 Nc6 3. Bb5 e6 4. O-O Nge7 5. Nc3 a6 6. Bxc6 Nxc6 7. d4 cxd4 8.
Nxd4 d6 9. Nxc6 bxc6 10. Qd3 Be7 11. e5 d5 12. Qg3 Kf8 13. Ne2 c5 14. Nf4 h5
15. Qf3 Kg8 16. Nxh5 1/2-1/2

[Event "4NCL/Div1/GUI1 vs. BAR2"]
[Site "Telford ENG"]
[Date "2004.01.17"]
[Round "3.5"]
[White "Gormally, Daniel W"]
[Black "Rogers, Jonathan W"]
[Result "1-0"]
[WhiteElo "2471"]
[BlackElo "2338"]
[PlyCount "91"]
[EventDate "2004.01.17"]

1. e4 e5 2. Nc3 Nf6 3. Nf3 Bb4 4. Nxe5 O-O 5. Nd3 Bxc3 6. dxc3 Nxe4 7. c4 b6 8.
Be2 Bb7 9. O-O d6 10. Nf4 Nd7 11. Nd5 Ndf6 12. f3 Nxd5 13. cxd5 Nf6 14. c4 Qe7
15. Bg5 Rfe8 16. Bd3 h6 17. Bh4 Qe5 18. Qc2 c6 19. Rae1 Qh5 20. Bxf6 gxf6 21.
Re4 cxd5 22. cxd5 Qxd5 23. Rg4+ Kf8 24. Kh1 Rac8 25. Qd2 Re5 26. Qxh6+ Ke7 27.
Be4 Qb5 28. Rb1 d5 29. Bh7 Qxb2 30. Rg1 Qf2 31. h3 Re1 32. Rxe1+ Qxe1+ 33. Kh2
Qe5+ 34. f4 Qe1 35. Bf5 Rf8 36. Qg7 Qf2 37. h4 d4 38. h5 Bxg2 39. Rxg2 Qh4+ 40.
Bh3 Qxh5 41. Qg3 Rd8 42. Rc2 d3 43. Qe1+ Kf8 44. Qb4+ Ke8 45. Rg2 Qh7 46. Rg3
1-0

[Event "4NCL/Div1/GUI1 vs. BAR2"]
[Site "Telford ENG"]
[Date "2004.01.17"]
[Round "3.6"]
[White "Berry, Neil"]
[Black "King, Daniel J"]
[Result "0-1"]
[WhiteElo "2285"]
[BlackElo "2497"]
[PlyCount "70"]
[EventDate "2004.01.17"]

1. Nf3 b6 2. e4 Bb7 3. Nc3 e6 4. d4 d6 5. Bd3 Nd7 6. O-O Ne7 7. Re1 g6 8. Ne2
Bg7 9. c3 O-O 10. Ng3 e5 11. a4 a5 12. Bc2 Nc6 13. dxe5 Ncxe5 14. Nd4 Qh4 15.
f4 Ng4 16. Nf3 Qe7 17. h3 Ngf6 18. Be3 Rfe8 19. Nd2 h5 20. Nh1 Nxe4 21. Bxe4
Bxe4 22. Bxb6 Nxb6 23. Rxe4 Qd7 24. Nf2 d5 25. Rxe8+ Rxe8 26. Nd3 d4 27. c4 Qf5
28. Qf1 Re3 29. Ra3 Bf8 30. c5 Bxc5 31. Nxc5 Rxa3 32. bxa3 Qxc5 33. Ne4 Qc2 34.
Nf6+ Kg7 35. Ne8+ Kf8 0-1

[Event "4NCL/Div1/GUI1 vs. BAR2"]
[Site "Telford ENG"]
[Date "2004.01.17"]
[Round "3.7"]
[White "Prie, Eric"]
[Black "Taylor, Peter"]
[Result "1-0"]
[WhiteElo "2429"]
[BlackElo "2289"]
[PlyCount "79"]
[EventDate "2004.01.17"]

1. d4 Nf6 2. Bg5 e6 3. Nd2 h6 4. Bh4 c5 5. e3 Nc6 6. c3 b6 7. Ngf3 Be7 8. a3
Bb7 9. Bd3 O-O 10. Qe2 cxd4 11. cxd4 Nh5 12. Bg3 d6 13. Rc1 Qd7 14. O-O Nxg3
15. hxg3 Rfc8 16. g4 Rc7 17. Ne4 Rac8 18. Rcd1 Nb8 19. Nc3 a6 20. d5 Qe8 21.
Bb1 e5 22. g3 Nd7 23. Kg2 Nf6 24. Rh1 Bd8 25. g5 hxg5 26. Nxg5 Nxd5 27. Bh7+
Kf8 28. Be4 Nf6 29. Bxb7 Rxb7 30. Rh8+ Ng8 31. Nh7+ Ke7 32. Qg4 Rxc3 33. bxc3
Qc6+ 34. Kg1 Nh6 35. Qg5+ f6 36. Qxg7+ Nf7 37. Qxf6+ Kd7 38. Qxf7+ Kc8 39. Qe6+
Rd7 40. Nf8 1-0

[Event "4NCL/Div1/GUI1 vs. BAR2"]
[Site "Telford ENG"]
[Date "2004.01.17"]
[Round "3.8"]
[White "Regan, Natasha"]
[Black "Yurenok, Maria S"]
[Result "1-0"]
[WhiteElo "2202"]
[BlackElo "2100"]
[PlyCount "71"]
[EventDate "2004.01.17"]

1. e4 c5 2. d4 cxd4 3. c3 d3 4. c4 Nc6 5. Bxd3 e6 6. Nc3 Nf6 7. Nf3 d6 8. O-O
Be7 9. h3 O-O 10. Qe2 a6 11. Rd1 Qc7 12. Bf4 Ne5 13. Rac1 b6 14. b4 Bb7 15. c5
bxc5 16. bxc5 Nxf3+ 17. Qxf3 e5 18. cxd6 Qxd6 19. Bg5 Rac8 20. Qe2 Rfd8 21. Bc4
Qa3 22. Bxf6 Bxf6 23. Rxd8+ Rxd8 24. Rb1 Qxc3 25. Rxb7 h6 26. Bxf7+ Kh8 27. Bd5
Rc8 28. Rb1 Bg5 29. Qxa6 Qc2 30. Qf1 Rf8 31. Re1 Bd2 32. Re2 Qc3 33. Qd1 Bg5
34. Qb1 Rc8 35. Rb2 Bf4 36. Rb8 1-0

[Event "4NCL/Div1/WGR1 vs. SLO1"]
[Site "Telford ENG"]
[Date "2004.01.18"]
[Round "4.2"]
[White "Shaw, John"]
[Black "McShane, Luke"]
[Result "0-1"]
[WhiteElo "2465"]
[BlackElo "2651"]
[PlyCount "78"]
[EventDate "2004.01.18"]

1. e4 c5 2. Nf3 Nc6 3. Bb5 g6 4. O-O Bg7 5. c3 Nf6 6. Re1 O-O 7. e5 Nd5 8. d4
cxd4 9. cxd4 d6 10. Nc3 Nxc3 11. bxc3 a6 12. Bxc6 bxc6 13. exd6 exd6 14. Bg5
Qc7 15. Qd2 Be6 16. Bh6 Rfe8 17. Bxg7 Kxg7 18. Ng5 Bd5 19. Nh3 Qa5 20. Nf4 h6
21. Nxd5 Qxd5 22. h3 a5 23. a4 Qc4 24. Qc2 Rab8 25. Rxe8 Rxe8 26. Rb1 Re2 27.
Qb3 Qd3 28. d5 cxd5 29. Qb5 Qd2 30. Rf1 Re1 31. g3 Rxf1+ 32. Kxf1 Qxc3 33. Qxd5
Qa1+ 34. Kg2 Qxa4 35. Qxd6 Qe4+ 36. Kh2 a4 37. h4 h5 38. f3 Qe2+ 39. Kg1 Qb2
0-1

[Event "4NCL/Div1/WGR1 vs. SLO1"]
[Site "Telford ENG"]
[Date "2004.01.18"]
[Round "4.3"]
[White "Baburin, Alexander"]
[Black "McNab, Colin A"]
[Result "1/2-1/2"]
[WhiteElo "2541"]
[BlackElo "2388"]
[PlyCount "118"]
[EventDate "2004.01.18"]

1. d4 d6 2. g3 g6 3. Bg2 Bg7 4. e4 Nc6 5. Ne2 e5 6. d5 Nce7 7. c4 f5 8. Nbc3
Nf6 9. f4 Nxe4 10. Nxe4 fxe4 11. O-O O-O 12. Bxe4 Bh3 13. Rf2 c6 14. Qb3 cxd5
15. cxd5 Qa5 16. Be3 Nf5 17. Bxf5 Bxf5 18. fxe5 Bxe5 19. Bf4 Rae8 20. Bxe5 Rxe5
21. Nf4 g5 22. Ne6 Bxe6 23. Rxf8+ Kxf8 24. dxe6 Qc5+ 25. Kh1 Qc6+ 26. Kg1 Ke7
27. Rf1 Rxe6 28. Qd3 Qe4 29. Qc3 Qe3+ 30. Qxe3 Rxe3 31. Rc1 Kd7 32. Kf2 Re5 33.
Kf3 Rf5+ 34. Ke3 Rc5 35. Rf1 Rc2 36. Rf7+ Kc6 37. Rxh7 Rxb2 38. a4 Ra2 39. h4
Ra3+ 40. Kf2 gxh4 41. Rxh4 a6 42. Rc4+ Kd5 43. Rb4 Kc5 44. Rxb7 Rxa4 45. Kf3 a5
46. g4 Ra1 47. Kf2 Rd1 48. g5 Rd5 49. g6 Rg5 50. g7 a4 51. Ke3 a3 52. Ra7 Kb4
53. Kd3 Rg3+ 54. Kc2 d5 55. Rb7+ Kc4 56. Rc7+ Kd4 57. Ra7 Rg2+ 58. Kd1 a2 59.
Rxa2 Rxg7 1/2-1/2

[Event "4NCL/Div1/WGR1 vs. SLO1"]
[Site "Telford ENG"]
[Date "2004.01.18"]
[Round "4.4"]
[White "Houska, Jovanka"]
[Black "Lalic, Bogdan"]
[Result "1/2-1/2"]
[WhiteElo "2370"]
[BlackElo "2518"]
[PlyCount "60"]
[EventDate "2004.01.18"]

1. e4 c5 2. Nc3 Nc6 3. g3 g6 4. Bg2 Bg7 5. d3 d6 6. Be3 b5 7. Qd2 b4 8. Nd1 Rb8
9. Ne2 Nd4 10. O-O e5 11. Nc1 Ne7 12. c3 bxc3 13. bxc3 Ne6 14. Bh6 O-O 15. Bxg7
Kxg7 16. Ne2 f5 17. f4 exf4 18. Nxf4 Nxf4 19. Rxf4 fxe4 20. Rxf8 Qxf8 21. dxe4
Nc6 22. Ne3 Ne5 23. Rf1 Qd8 24. Rd1 Be6 25. Qxd6 Qxd6 26. Rxd6 Rb1+ 27. Kf2
Rb2+ 28. Kg1 Rb1+ 29. Kf2 Rb2+ 30. Kg1 Rb1+ 1/2-1/2

[Event "4NCL/Div1/WGR1 vs. SLO1"]
[Site "Telford ENG"]
[Date "2004.01.18"]
[Round "4.5"]
[White "Turner, Matthew J"]
[Black "Howell, David W L"]
[Result "1-0"]
[WhiteElo "2506"]
[BlackElo "2304"]
[PlyCount "63"]
[EventDate "2004.01.18"]

1. d4 Nf6 2. c4 g6 3. Nc3 d5 4. Nf3 Bg7 5. Bg5 Ne4 6. cxd5 Nxg5 7. Nxg5 e6 8.
Qd2 exd5 9. Qe3+ Kf8 10. Qf4 Bf6 11. h4 Kg7 12. e4 dxe4 13. Bc4 Qxd4 14. h5 h6
15. Ngxe4 Bf5 16. hxg6 fxg6 17. Qxc7+ Qd7 18. Qf4 Bxc3+ 19. Nxc3 Nc6 20. Rd1
Qe7+ 21. Kf1 Raf8 22. Qd2 Qc5 23. b3 Ne5 24. Nd5 Nxc4 25. bxc4 h5 26. Qc3+ Kh6
27. Ne3 Be6 28. g4 Rh7 29. Rd5 Bxd5 30. g5+ Kxg5 31. Qe5+ Rf5 32. f4+ 1-0